000 00606nam a2200205 i 4500
001 95352
003 ES-MaACL
005 20250830063929.0
007 t|
008 050526s1978 sp ||||1| spa d
100 1 _aLuzarraga, Jesús.
_974907
245 1 0 _aOración y misión en el Evangelio de San Juan /
_cJesús Luzarraga.
260 _aBilbao :
_bUniversidad de Deusto,
_c1978.
300 _a268 p. ;
_c22 cm.
490 1 _aTeología Deusto
710 2 _aUniversidad de Deusto.
_97172
830 0 0 _aTeología Deusto
_9185747
852 _aES-MaACL
_jA-8647
_bR.97562
999 _c95352
_d95352